Efficacy of araçá extract in reducing biofilms on teat cup linings (Registro n. 338415)
[ somente texto ]
| 000 -LÍDER | |
|---|---|
| fixed length control field | 03253nab a2200421 4500 |
| 003 - CÓDIGO MARC DA AGÊNCIA CATALOGADORA | |
| Campo de controle | BR-BrBNA |
| 005 - DATA E HORA DA ÚLTIMA ATUALIZAÇÃO | |
| Campo de controle | 20250926163934.0 |
| 008 - CAMPO DE TAMANHO FIXO | |
| fixed length control field | 250926b2025 bl.ar|pooa||| 00| 0 eng | |
| 040 ## - FONTE DA CATALOGAÇÃO | |
| Agência catalogadora | BR-BrBNA |
| Idioma da catalogação | por |
| 072 ## - CATEGORIA AGRIS | |
| Código AGRIS | N20 ; Q03 |
| Código do objeto | 4580 ; 9935 |
| 100 ## - ENTRADA PRINCIPAL - NOME PESSOAL | |
| Nome pessoal | Bohrz, Daniela de Ávila Silva |
| 100 ## - ENTRADA PRINCIPAL - NOME PESSOAL | |
| Nome pessoal | Levandowski, Rafael |
| 100 ## - ENTRADA PRINCIPAL - NOME PESSOAL | |
| Nome pessoal | Santos, Lára Franco dos |
| 100 ## - ENTRADA PRINCIPAL - NOME PESSOAL | |
| Nome pessoal | Nascimento, Caroline Antunes do |
| 100 ## - ENTRADA PRINCIPAL - NOME PESSOAL | |
| Nome pessoal | Pasqualotto, Luana |
| 100 ## - ENTRADA PRINCIPAL - NOME PESSOAL | |
| Nome pessoal | Bertuol, Milena Zanoello |
| 100 ## - ENTRADA PRINCIPAL - NOME PESSOAL | |
| Nome pessoal | Novello, Thaís |
| 100 ## - ENTRADA PRINCIPAL - NOME PESSOAL | |
| Nome pessoal | Pilotto, Fernando |
| 100 ## - ENTRADA PRINCIPAL - NOME PESSOAL | |
| Nome pessoal | Santos, Luciana Ruschel dos |
| 100 ## - ENTRADA PRINCIPAL - NOME PESSOAL | |
| Nome pessoal | Rodrigues, Laura Beatriz |
| 245 ## - TÍTULO PRINCIPAL | |
| Título principal | Efficacy of araçá extract in reducing biofilms on teat cup linings |
| 500 ## - NOTA GERAL | |
| Nota geral | Summaries (En, Pt); 6 ref.; 2 illus. |
| 942 ## - ADDED ENTRY ELEMENTS (KOHA) | |
| Koha item type | Analítica |
| 520 ## - NOTA DE RESUMO | |
| Nota de conteúdo | Abstract – The objective of this work was to evaluate the efficacy of araçá (Psidium cattleianum) fruit extract in removing Staphylococcus aureus and Staphylococcus epidermidis biofilms from teat cup liners. New and used rubber liners were tested. Biofilm formation and removal were evaluated using a standardized protocol. The surface of the teat cup liners was analyzed with scanning electron microscopy. The used liners had a rougher surface, which promotes biofilm growth. The araçá extract outperformed sodium hypochlorite, being up to 21 times more effective in reducing biofilms on the used liners. Therefore, araçá extract shows potential as a biodegradable alternative for removing biofilms from teat cup liners. Index terms: Psidium cattleianum, Staphylococcus aureus, Staphylococcus<br/>epidermidis, dairy equipment hygiene, disinfection, natural extract. |
| 520 ## - NOTA DE RESUMO | |
| Nota de conteúdo | Resumo – O objetivo deste trabalho foi avaliar a eficácia do extrato de fruta de araçá (Psidium cattleianum) na remoção de biofilmes de Staphylococcus aureus e Staphylococcus epidermidis em teteiras. Foram testadas teteiras de borrachas novas e usadas. A formação e a remoção dos biofilmes foram avaliadas com protocolo padronizado. Analizou-se a superfície das teteiras com microscópio eletrônico de varredura. As teteiras usadas apresentaram superfície mais rugosa, o que favorece o crescimento de biofilmes. O extrato de araçá superou o hipoclorito de sódio, com eficácia até 21 vezes maior na redução de biofilmes nas teteiras usadas. Portanto, o extrato de araçá apresenta potencial como alternativa biodegradável para remoção de biofilmes do revestimento de copos de teteiras.<br/>Termos para indexação: Psidium cattleianum, Staphylococcus aureus, Staphylococcus epidermidis, higiene de equipamentos lácteos, desinfecção, extrato natural. |
| 650 ## - ASSUNTO - THESAGRO | |
| Cabeçalho tópico ou nome geográfico | ARAÇÁ |
| 650 ## - ASSUNTO - THESAGRO | |
| Cabeçalho tópico ou nome geográfico | PSIDIUM CATTLEIANUM |
| 650 ## - ASSUNTO - THESAGRO | |
| Cabeçalho tópico ou nome geográfico | EXTRATO DE FRUTA |
| 650 ## - ASSUNTO - THESAGRO | |
| Cabeçalho tópico ou nome geográfico | BACTÉRIA |
| 650 ## - ASSUNTO - THESAGRO | |
| Cabeçalho tópico ou nome geográfico | BIOFILME |
| 650 ## - ASSUNTO - THESAGRO | |
| Cabeçalho tópico ou nome geográfico | ORDENHA |
| 650 ## - ASSUNTO - THESAGRO | |
| Cabeçalho tópico ou nome geográfico | EQUIPAMENTO |
| 650 ## - ASSUNTO - THESAGRO | |
| Cabeçalho tópico ou nome geográfico | HIGIENE |
| 650 ## - ASSUNTO - THESAGRO | |
| Cabeçalho tópico ou nome geográfico | DESINFECÇÃO |
| 773 0# - ENTRADA ANALÍTICA | |
| Host Biblionumber | 920 |
| Registro do item | 357579 |
| Imprenta | Brasília-DF Empresa Brasileira de Pesquisa Agropecuária - EMBRAPA 1966- |
| Outro identificador | 2025-5544 |
| Título | Pesquisa Agropecuária Brasileira (Brazil) |
| ISSN | 0100-204X |
| Colação | v. 60 p. 1-4; (2025) |
| Número de controle de registro | BR2025003727 |
| 856 ## - ACESSO E ENDEREÇO ELETRÔNICO | |
| Identificador uniforme de recurso - URI | https://www.scielo.br/j/pab/a/Zp3TkP9WbxwdndRzvTCxTFD/?format=pdf&lang=en |
Nenhum exemplar disponível.

BINAGRI